21 años protegiendo la innovación /

Obra conmemorativa del Instituto Mexicano de la Propiedad Industrial, donde se describen los principales logros de protección intelectual en 21 años de trabajo, la posición de México en el sistema internacional de propiedad industrial, las transformaciones legislativas al respecto y los casos destac...

সম্পূর্ণ বিবরণ

সংরক্ষণ করুন:
গ্রন্থ-পঞ্জীর বিবরন
সংস্থা লেখক: Instituto Mexicano de la Propiedad Industrial
অন্যান্য লেখক: Margain, Miguel Angel (presentación) (presentación)
বিন্যাস: গ্রন্থ
ভাষা:স্প্যানিশ
বিষয়গুলি:
ট্যাগগুলো: ট্যাগ যুক্ত করুন
কোনো ট্যাগ নেই, প্রথমজন হিসাবে ট্যাগ করুন!

MARC

LEADER 00000nam^a2200000^a^4500
001 000390493
005 20250521000000.0
009 20260310121149.127
037 |a Acervo ITESO - Biblioteca 
041 |a ESP 
082 |a 346. 72048  |b INS 
110 |a Instituto Mexicano de la Propiedad Industrial 
245 1 0 |a 21 años protegiendo la innovación /  |c presen. de M.A. Margain. 
264 |a México :  |b Instituto Mexicano de la Propiedad Industrial :  |b Agueda,  |c fecha no identificada 
300 |a 117 p. 
336 |a texto  |b txt  |2 rdacontenido 
337 |a sin mediación  |b n  |2 rdamedio 
338 |a volumen  |b nc  |2 rdasoporte 
520 |a Obra conmemorativa del Instituto Mexicano de la Propiedad Industrial, donde se describen los principales logros de protección intelectual en 21 años de trabajo, la posición de México en el sistema internacional de propiedad industrial, las transformaciones legislativas al respecto y los casos destacables de patentes, marcas, denominaciones de origen e inventos mexicanos de gran impacto mundial. 
649 |a XX 
650 |a Instituto Mexicano de la Propiedad Industrial -  |x Fotografías 
650 |a Instituto Mexicano de la Propiedad Industrial -  |x Historia 
650 |a Instituto Mexicano de la Propiedad Industrial -  |x Tema Principal 
650 |a Marcas de Origen -  |z México 
650 |a Marcas (Mercadotecnia) -  |z México 
650 |a Patentes -  |z México 
650 |a Inventos -  |z México 
650 |a Derecho de Autor -  |z México -  |x Historia 
650 |a Propiedad Industrial -  |z México -  |x Historia 
650 |a Propiedad Intelectual -  |z México -  |x Historia 
650 |a Propiedad Intelectual -  |z México -  |x Aspectos Jurídicos 
650 |a Derecho de Propiedad -  |z México 
650 |a Derecho Privado -  |z México 
700 |a Margain, Miguel Angel  |e (presentación) 
910 |a Fondo General 
920 |a Impresos - Libros 
930 |a Reserva Especial 
905 |a 103 
901 |a 0500285383  |b IT1  |c REE  |i D83605  |u 20250521 
902 |a https://opac.biblio.iteso.mx/vufind/Record/000390493